000 00611nam a2200181Ia 4500
008 090124s9999 xx 000 0 und d
082 _b249
_a330
100 _aटिपणीस गो.गो.
245 _a हिंदुस्थानातील दुष्काळ
250 _a1
260 _c1905
300 _a101
600 _aटिपणीस गो.गो.
630 _a हिंदुस्थानातील दुष्काळ
700 _aटिपणीस गो.गो.
730 _a हिंदुस्थानातील दुष्काळ
942 _cBOOK
999 _c114209
_d114209